AFL Team Captains - Statistics

General Stats
  • This quiz has been taken 25 times
  • The average score is 11 of 18
Answer Stats
Hint Answer % Correct
Adelaide Crows Rory Sloane
90%
Brisbane Lions Dayne Zorko
86%
Geelong Cats Joel Selwood
86%
Collingwood Magpies Scott Pendlebury
86%
Richmond Tigers Trent Cotchin
86%
Melbourne Demons Max Gawn
81%
Fremantle Dockers Nat Fyfe
81%
Essendon Bombers Dyson Heppell
71%
Western Bulldogs Marcus Bontempelli
71%
Sydney Swans Luke Parker
57%
West Coast Eagles Luke Shuey
52%
Carlton Blues Sam Docherty
52%
GWS Giants Stephen Coniglio
52%
Hawthorn Hawks Ben McEvoy
48%
Port Adelaide Tom Jonas
48%
Gold Coast Suns David Swallow
43%
St Kilda Saints Jarryn Geary
29%
North Melbourne Flynn Appleby
0%
No matching quizzes found
Score Distribution
Percent of People with Each Score
Percentile by Number Answered
Your Score History
You have not taken this quiz